Photochemistry of man-made polymers (Record no. 34366)

MARC details
000 -LEADER
fixed length control field 00325nam a2200121Ia 4500
082 ## - DEWEY DECIMAL CLASSIFICATION NUMBER
Classification number 678:541.14
Item number MCK;1
100 ## - MAIN ENTRY--AUTHOR NAME
Personal name Allen, Norman S
245 #0 - TITLE STATEMENT
Title Photochemistry of man-made polymers
260 ## - PUBLICATION, DISTRIBUTION, ETC. (IMPRINT)
Place of publication London
Name of publisher Applied Science
Year of publication 1979
700 ## - ADDED ENTRY--PERSONAL NAME
Personal name Mckellar, John F
942 ## - ADDED ENTRY ELEMENTS (KOHA)
Koha item type Books
Holdings
Withdrawn status Lost status Damaged status Not for loan Home library Current library Date acquired Cost, normal purchase price Full call number Accession Number Koha item type
        RRII Library RRII Library 16/12/2021 24.00 678:541.14 MCK;1 14804 Books